| 000 | 00849cam a2200229 a 4500 | ||
|---|---|---|---|
| 001 | 14640593 | ||
| 005 | 20251104175454.0 | ||
| 008 | 061120s2008 maua b 001 0 eng | ||
| 020 |
_a9780073191584 _qhard copy : alk. paper |
||
| 020 |
_a0073191582 _qhard copy : alk. paper |
||
| 050 | 0 | 0 |
_aTA147 _b.E52 2008 |
| 082 | 0 | 0 |
_a620 _222 |
| 245 | 0 | 0 |
_aEngineering fundamentals and problem solving / _cArvid R. Eide ... [et al.]. |
| 250 | _a5th ed. | ||
| 260 |
_aBoston : _bMcGraw-Hill Higher Education, _cc2008. |
||
| 300 |
_axii, 467 p. : _bill. (some col.) ; _c25 cm. |
||
| 650 | 0 | _aEngineering. | |
| 700 | 1 | _aEide, Arvid R. | |
| 856 | 4 | 1 |
_3Table of contents only _uhttp://www.loc.gov/catdir/toc/ecip075/2006038931.html |
| 856 | 4 | 2 |
_3Publisher description _uhttp://www.loc.gov/catdir/enhancements/fy0703/2006038931-d.html |
| 942 |
_2lcc _cBK _e5th ed. _n0 |
||
| 999 |
_c8040 _d8040 |
||